000 00602nam a22001697a 4500
999 _c7267
_d7267
003 GBCCL
005 20241126110624.0
008 180720b ||||| |||| 00| 0 eng d
040 _cGBC
082 _a227.910484
_bMAY
100 _aMayor, Joseph B.
_98364
245 _aThe Epistle of St. James:
_bThe Greek text with introduction, notes, comments and further studies in the epistle of St. James /
_cJoseph B. Mayor
260 _aMinneapolis:
_bKlock & Klock Christian Publishers,
_c1954.
300 _aviii, ccxci, 264, 41 p. ;
_b23 cm.
650 _2Bible
_aJames
_vCommentaries
_912864
942 _2ddc
_cREF